| 000 | 00571 a2200157 4500 | ||
|---|---|---|---|
| 020 | _a1853268968 | ||
| 040 |
_aDLC _bDLC |
||
| 082 | _a823.8 | ||
| 100 | _aDoyle, Arthur Conan, Sir. | ||
| 245 |
_aThe Original Illustrated 'Strand' Sherlock Holmes _cSir Arthur Conan Doyle |
||
| 260 |
_aEngland: _bWordsworth Editions Ltd., _c1998. |
||
| 300 |
_a1126 p. ; _c22 cm. |
||
| 500 | _aIncludes Index | ||
| 650 | _a1.Detective and mystery stories, English. 2.Holmes, Sherlock (Fictitious character) --Fiction.3.Private investigators --England --Fiction. | ||
| 942 |
_cBK _k823.8 DOY _2ddc |
||
| 999 |
_c4951 _d4951 |
||